[Event "1617LLO"]
[Site "Mecklenburg-Vorpommern"]
[Date "2017.03.19"]
[Round "7.8"]
[White "Schmidt, Paul"]
[Black "Sass, Ralf"]
[Result "1-0"]
[WhiteElo "1424"]
[BlackElo "1491"]
[PlyCount "83"]
[EventDate "2016.11.06"]
[EventType "team-tourn"]
[EventRounds "9"]
[SourceDate "2016.10.16"]
[WhiteTeam "SAV Torgelow-Droegeheide II"]
[BlackTeam "Motor Wolgast"]

1. e4 e5 2. Nf3 Nc6 3. Bb5 d6 4. d4 Bd7 5. c3 a6 6. Ba4 Nf6 7. O-O b5 8. Bb3 h6
9. Re1 Be7 10. h3 O-O 11. Nbd2 Re8 12. Nf1 Qc8 13. Ng3 Bf8 14. Be3 exd4 15.
Bxd4 Nxd4 16. cxd4 Bc6 17. Qd3 Nh7 18. Bc2 g6 19. Bb3 Qd7 20. Nh4 d5 21. Nxg6
fxg6 22. exd5 Rxe1+ 23. Rxe1 Bxd5 24. Qxg6+ Kh8 25. Nf5 Bxb3 26. axb3 Qd5 27.
Nxh6 Bxh6 28. Re7 Qg8 29. Qxh6 Re8 30. Rxc7 Re1+ 31. Kh2 Re6 32. Qh5 Rg6 33.
Qe5+ Nf6 34. g4 Qf8 35. g5 Kg8 36. gxf6 Rxf6 37. Qg5+ Kh8 38. Qh5+ Rh6 39. Qe5+
Rf6 40. Rc6 Kg7 41. Qg5+ Kf7 42. Rxf6+ 1-0

[Event "1617LLO"]
[Site "Mecklenburg-Vorpommern"]
[Date "2017.03.19"]
[Round "7.1"]
[White "Schumacher, Albrecht"]
[Black "Hartung, Lothar"]
[Result "1-0"]
[WhiteElo "1961"]
[BlackElo "1799"]
[PlyCount "51"]
[EventDate "2016.11.06"]
[EventType "team-tourn"]
[EventRounds "9"]
[SourceDate "2016.10.16"]
[WhiteTeam "Waren/Malchow"]
[BlackTeam "SG Neubrandenburg II"]

1. e4 c5 2. Nf3 e6 3. d4 cxd4 4. Nxd4 a6 5. Nc3 Qc7 6. Be2 b5 7. Qd3 b4 8. Nd1
Bb7 9. f4 Nc6 10. Nxc6 Bxc6 11. c4 Bc5 12. Be3 Qb6 13. O-O Ne7 14. f5 exf5 15.
exf5 Bxe3+ 16. Nxe3 O-O 17. f6 Ng6 18. Kh1 Ne5 19. Qd2 Be4 20. Rf4 Bg6 21. h4
Qb8 22. h5 Nd3 23. Rff1 Qg3 24. Bxd3 Bxh5 25. Nf5 Qg4 26. fxg7 1-0

[Event "1617LLO"]
[Site "Mecklenburg-Vorpommern"]
[Date "2017.03.19"]
[Round "7.2"]
[White "Hoerhold, Martin"]
[Black "Arning, Norbert"]
[Result "1/2-1/2"]
[WhiteElo "1718"]
[BlackElo "1939"]
[PlyCount "115"]
[EventDate "2016.11.06"]
[EventType "team-tourn"]
[EventRounds "9"]
[SourceDate "2016.10.16"]
[WhiteTeam "SG Neubrandenburg II"]
[BlackTeam "Waren/Malchow"]

1. e4 e5 2. Nf3 Nc6 3. Bb5 Nf6 4. O-O d6 5. Re1 Be7 6. h3 O-O 7. c3 a6 8. Ba4
b5 9. Bc2 Bb7 10. d4 exd4 11. Nxd4 Nxd4 12. cxd4 Re8 13. Qf3 Nd7 14. Nd2 Bf6
15. Nb3 a5 16. a4 Nb6 17. Qd3 bxa4 18. Nd2 Ba6 19. Qe3 Bb5 20. f4 Nd5 21. Qf2
Nb4 22. Bb1 Bd3 23. Ra3 Bxb1 24. Nxb1 Qd7 25. Qd2 Qb5 26. e5 dxe5 27. fxe5 Be7
28. Nc3 Qd3 29. Rxa4 Rad8 30. Qxd3 Nxd3 31. Rd1 Nxc1 32. Rxc1 Bb4 33. Nb5 Re7
34. Na7 Red7 35. Nc6 Re8 36. Nxb4 Rxd4 37. Rxa5 Rxb4 38. Rxc7 Rxb2 39. Raa7 Rf8
40. e6 Rb1+ 41. Kf2 fxe6+ 42. Kg3 Kh8 43. Kh4 Rg8 44. Re7 Rb6 45. g4 h6 46. g5
Rb4+ 47. Kg3 Rb3+ 48. Kg4 Rb4+ 49. Kg3 Rc8 50. Rxe6 Rc3+ 51. Kf2 hxg5 52. Ra5
Rxh3 53. Rxg5 Rb2+ 54. Kg1 Ra3 55. Re1 Raa2 56. Rg3 Kh7 57. Rh3+ Kg6 58. Rg3+
1/2-1/2

[Event "1617LLO"]
[Site "Mecklenburg-Vorpommern"]
[Date "2017.03.19"]
[Round "7.3"]
[White "Schmidt, Joerg"]
[Black "Rehbein, Hans Juergen"]
[Result "1-0"]
[WhiteElo "1878"]
[BlackElo "1730"]
[PlyCount "119"]
[EventDate "2016.11.06"]
[EventType "team-tourn"]
[EventRounds "9"]
[SourceDate "2016.10.16"]
[WhiteTeam "Waren/Malchow"]
[BlackTeam "SG Neubrandenburg II"]

1. c4 Nf6 2. Nf3 g6 3. g3 Bg7 4. Nc3 O-O 5. Bg2 Nc6 6. d4 d5 7. cxd5 Nxd5 8.
O-O Nxc3 9. bxc3 Bg4 10. h3 Bxf3 11. Bxf3 e5 12. e3 exd4 13. cxd4 Qf6 14. Bg2
Rab8 15. Ba3 Rfd8 16. Qc2 Bf8 17. Bxf8 Kxf8 18. Rac1 Kg7 19. Bxc6 bxc6 20. Qxc6
Qxc6 21. Rxc6 Rb2 22. Ra6 Rb7 23. Rc1 Rd5 24. Rc2 Kf8 25. Rac6 Rd7 26. Kf1 Ke8
27. Ke2 Kd8 28. Kd3 Rd6 29. e4 Rxc6 30. Rxc6 Rb2 31. Rc2 Rb6 32. f4 Kd7 33. e5
Rb1 34. Rc3 Rh1 35. h4 Rg1 36. Ke4 Re1+ 37. Re3 Rc1 38. Ra3 Rg1 39. d5 Re1+ 40.
Kd4 Rd1+ 41. Rd3 Rc1 42. Rc3 Ra1 43. a3 a6 44. Kc5 Rb1 45. Re3 Rb5+ 46. Kc4 Rb1
47. e6+ fxe6 48. dxe6+ Ke7 49. Kd5 Rb6 50. g4 Rd6+ 51. Kc5 Rb6 52. a4 Rxe6 53.
Rxe6+ Kxe6 54. Kc6 h5 55. g5 Kf5 56. Kxc7 Kxf4 57. Kb6 Kg4 58. Kxa6 Kxh4 59.
Kb6 Kxg5 60. a5 1-0

[Event "1617LLO"]
[Site "Mecklenburg-Vorpommern"]
[Date "2017.03.19"]
[Round "7.4"]
[White "Leisner, Ekkehardt"]
[Black "Hertel Mach, Frank"]
[Result "1/2-1/2"]
[WhiteElo "1713"]
[BlackElo "1807"]
[PlyCount "109"]
[EventDate "2016.11.06"]
[EventType "team-tourn"]
[EventRounds "9"]
[SourceDate "2016.10.16"]
[WhiteTeam "SG Neubrandenburg II"]
[BlackTeam "Waren/Malchow"]

1. c4 e5 2. g3 d6 3. Bg2 Be7 4. Nc3 Nf6 5. Nf3 Be6 6. b3 O-O 7. O-O c6 8. d4
Qc7 9. Bb2 Nbd7 10. e4 Bg4 11. h3 Bh5 12. d5 Nxe4 13. Nxe4 f5 14. g4 fxe4 15.
Nxe5 Nxe5 16. Bxe5 Bg6 17. Bb2 Rae8 18. Qd2 Qd8 19. f4 exf3 20. Bxf3 Bg5 21.
Qg2 Be3+ 22. Kh1 c5 23. Rae1 Bd3 24. Be2 Be4 25. Bf3 Bg6 26. Bd1 Rxf1+ 27. Rxf1
Qh4 28. Bc3 Bd3 29. Re1 Rf8 30. Rxe3 Rf1+ 31. Kh2 Rxd1 32. Qf3 Bg6 33. Qe2 h6
34. Be1 Qg5 35. h4 Qf4+ 36. Bg3 Qd4 37. Be1 Rc1 38. Qf3 Rc2+ 39. Kg3 h5 40. g5
Qb2 41. Bc3 Qb1 42. Re1 Rc1 43. Re7 Rxc3 44. Qxc3 Qg1+ 45. Kf3 Qg4+ 46. Ke3
Qg3+ 47. Kd2 Qf4+ 48. Kd1 Qf1+ 49. Qe1 Qd3+ 50. Qd2 Qb1+ 51. Ke2 Qg1 52. Qe1
Qg4+ 53. Kd2 Qd4+ 54. Ke2 Bd3+ 55. Kf3 1/2-1/2

[Event "1617LLO"]
[Site "Mecklenburg-Vorpommern"]
[Date "2017.03.19"]
[Round "7.5"]
[White "Kuehn, Peter"]
[Black "Buenz, Heinrich"]
[Result "1/2-1/2"]
[WhiteElo "1793"]
[BlackElo "1638"]
[PlyCount "37"]
[EventDate "2016.11.06"]
[EventType "team-tourn"]
[EventRounds "9"]
[SourceDate "2016.10.16"]
[WhiteTeam "Waren/Malchow"]
[BlackTeam "SG Neubrandenburg II"]

1. e4 e5 2. Nf3 Nc6 3. d4 exd4 4. Nxd4 Nxd4 5. Qxd4 Qf6 6. e5 Qc6 7. Nc3 Ne7 8.
f3 Nf5 9. Qd5 Bb4 10. Qxc6 dxc6 11. Bd2 O-O 12. O-O-O Be6 13. a3 Ba5 14. Bd3
Nh4 15. Bg5 Bxc3 16. bxc3 Ng6 17. Rhe1 Rfe8 18. Bd2 Rad8 19. Bxg6 1/2-1/2

[Event "1617LLO"]
[Site "Mecklenburg-Vorpommern"]
[Date "2017.03.19"]
[Round "7.6"]
[White "Sommer, Hans Hermann"]
[Black "Schreiner, Wolfgang"]
[Result "1/2-1/2"]
[WhiteElo "1639"]
[BlackElo "1786"]
[PlyCount "87"]
[EventDate "2016.11.06"]
[EventType "team-tourn"]
[EventRounds "9"]
[SourceDate "2016.10.16"]
[WhiteTeam "SG Neubrandenburg II"]
[BlackTeam "Waren/Malchow"]

1. e4 c5 2. d4 cxd4 3. c3 dxc3 4. Nxc3 d6 5. Nf3 Nc6 6. Bc4 e6 7. O-O a6 8. Qe2
b5 9. Bb3 Bb7 10. Rd1 Qc7 11. Bf4 Rd8 12. Rac1 Nf6 13. Bg5 Be7 14. Nd5 Qb8 15.
Nxe7 Kxe7 16. Qe3 h6 17. Bh4 Rc8 18. Bg3 e5 19. h3 Na5 20. Nd2 Nxb3 21. axb3
Rxc1 22. Rxc1 Rc8 23. Rc3 Rxc3 24. bxc3 Qc7 25. f3 Nd7 26. b4 Nb6 27. Qd3 Na4
28. Nb1 Bc8 29. Be1 Be6 30. Qc2 Qc4 31. Na3 Qb3 32. Qxb3 Bxb3 33. Kf2 d5 34.
Ke3 Kd6 35. exd5 Kxd5 36. Nb1 f5 37. g3 g5 38. h4 Bd1 39. hxg5 hxg5 40. f4
gxf4+ 41. gxf4 e4 42. Na3 Nb2 43. Bf2 Bb3 44. Kd2 1/2-1/2

[Event "1617LLO"]
[Site "Mecklenburg-Vorpommern"]
[Date "2017.03.19"]
[Round "7.7"]
[White "Lotz, Robert"]
[Black "Suckow, Ingo"]
[Result "0-1"]
[WhiteElo "1657"]
[BlackElo "1748"]
[PlyCount "118"]
[EventDate "2016.11.06"]
[EventType "team-tourn"]
[EventRounds "9"]
[SourceDate "2016.10.16"]
[WhiteTeam "Waren/Malchow"]
[BlackTeam "SG Neubrandenburg II"]

1. e4 d6 2. d4 Nf6 3. Bd3 g6 4. Nf3 Bg7 5. O-O Nbd7 6. Re1 e5 7. dxe5 dxe5 8.
Nc3 c6 9. Bg5 Qc7 10. Qd2 h6 11. Bxf6 Nxf6 12. h3 Nh5 13. Nh2 Nf4 14. Bf1 Bd7
15. Ne2 O-O-O 16. Qc3 Ne6 17. b4 f5 18. Ng3 Rhf8 19. f3 Nd4 20. Bc4 Qb6 21. Kh1
Bf6 22. Red1 h5 23. a4 h4 24. Ne2 g5 25. Rab1 Qc7 26. Nxd4 exd4 27. Qd3 Be5 28.
Nf1 g4 29. f4 fxe4 30. Qxe4 Rxf4 31. Qg6 gxh3 32. gxh3 Rf2 33. Be6 Rdf8 34. Qg4
Bxe6 35. Qxe6+ Kb8 36. Re1 Qg7 37. Qxe5+ Qxe5 38. Rxe5 Rxf1+ 39. Rxf1 Rxf1+ 40.
Kg2 Rf4 41. b5 Kc7 42. a5 Kd6 43. Rh5 cxb5 44. Rxb5 Kc6 45. Rh5 b6 46. Re5 bxa5
47. Rxa5 Kb6 48. Ra4 a5 49. Ra3 Kb5 50. Rb3+ Kc4 51. Ra3 Rf5 52. Rd3 a4 53. Ra3
Kb4 54. Rd3 Rf4 55. Kg1 a3 56. Rb3+ Ka4 57. Rb8 Rf5 58. Rd8 a2 59. Ra8+ Ra5 0-1

[Event "1617LLO"]
[Site "Mecklenburg-Vorpommern"]
[Date "2017.03.19"]
[Round "7.8"]
[White "Schulz, Daniel"]
[Black "Wahrmann, Eric"]
[Result "1-0"]
[WhiteElo "1589"]
[BlackElo "1560"]
[PlyCount "101"]
[EventDate "2016.11.06"]
[EventType "team-tourn"]
[EventRounds "9"]
[SourceDate "2016.10.16"]
[WhiteTeam "SG Neubrandenburg II"]
[BlackTeam "Waren/Malchow"]

1. e4 c5 2. c3 d6 3. d4 cxd4 4. cxd4 g6 5. Nf3 Bg7 6. Nc3 Nc6 7. Be2 Bd7 8. O-O
Nh6 9. a3 Rc8 10. h3 O-O 11. Bf4 e5 12. dxe5 dxe5 13. Be3 Be6 14. Ng5 Qe7 15.
Nxe6 Qxe6 16. Qa4 a6 17. Bc4 Qe8 18. Nd5 b5 19. Qxa6 bxc4 20. Bxh6 Qe6 21. Bxg7
Kxg7 22. Qxc4 Nd4 23. Qd3 Rc2 24. b4 f5 25. Ne3 fxe4 26. Qxe4 Rf4 27. Qb7+ Rf7
28. Qd5 Qxd5 29. Nxd5 Ne2+ 30. Kh2 Nd4 31. Rac1 Ra2 32. Rc3 Nb5 33. Rc5 Nd4 34.
Ra5 Rfxf2 35. Rxf2 Rxf2 36. b5 e4 37. Ra7+ Kh6 38. b6 Rb2 39. Re7 Rb5 40. b7
Nc6 41. Nc3 Rb3 42. Rc7 Na5 43. Nxe4 Rxb7 44. Rxb7 Nxb7 45. Kg3 Kg7 46. Kf4 h6
47. Ke5 Kh7 48. Kf6 Nd8 49. a4 h5 50. Ng5+ Kh6 51. Nf7+ 1-0

[Event "1617LLO"]
[Site "Mecklenburg-Vorpommern"]
[Date "2017.03.19"]
[Round "7.2"]
[White "Wurst, Maximilian"]
[Black "Schwarz, Eckhard"]
[Result "0-1"]
[WhiteElo "1659"]
[BlackElo "1854"]
[PlyCount "68"]
[EventDate "2016.11.06"]
[EventType "team-tourn"]
[EventRounds "9"]
[SourceDate "2016.10.16"]
[WhiteTeam "SSC Rostock III"]
[BlackTeam "Waterkant Saal"]

1. e4 Nf6 2. Nc3 e5 3. a3 Bc5 4. Bc4 a6 5. Nf3 d6 6. h3 O-O 7. d3 h6 8. Bd2 Be6
9. Ba2 Qd7 10. Qc1 Bxa2 11. Nxa2 Qe6 12. Nc3 Nc6 13. Ne2 Rad8 14. Ng3 Ne7 15.
Nh4 d5 16. Be3 Qb6 17. exd5 Nfxd5 18. Bxc5 Qxc5 19. O-O f5 20. Nf3 Ng6 21. b4
Qd6 22. Qb2 Rde8 23. Rfe1 Kh7 24. Rad1 Nb6 25. c4 Nd7 26. c5 Qd5 27. Qc3 c6 28.
a4 Nf4 29. Nh4 g5 30. Nf3 Nxh3+ 31. gxh3 Qxf3 32. Rd2 f4 33. Ne4 Qxh3 34. Nd6
f3 0-1

[Event "1617LLO"]
[Site "Mecklenburg-Vorpommern"]
[Date "2017.03.19"]
[Round "7.3"]
[White "Wiese, Frank"]
[Black "Wegner, Michael"]
[Result "1-0"]
[WhiteElo "1900"]
[BlackElo "1604"]
[PlyCount "87"]
[EventDate "2016.11.06"]
[EventType "team-tourn"]
[EventRounds "9"]
[SourceDate "2016.10.16"]
[WhiteTeam "Waterkant Saal"]
[BlackTeam "SSC Rostock III"]

1. d4 Nf6 2. c4 g6 3. Nc3 Bg7 4. e4 d6 5. Be2 O-O 6. Be3 c6 7. Qd2 a6 8. Bh6 b5
9. cxb5 axb5 10. Bxg7 Kxg7 11. Bf3 Qc7 12. Nge2 e5 13. O-O Nbd7 14. Rfc1 Qb8
15. Nd1 Bb7 16. Ng3 h6 17. h4 Ra4 18. Ne3 Rh8 19. b3 Ra8 20. h5 Qa7 21. Nc2
Rac8 22. a4 bxa4 23. Rxa4 Qb6 24. Rb4 Qc7 25. Ne3 Ba8 26. Ra1 c5 27. dxc5 dxc5
28. Rba4 Qb6 29. hxg6 fxg6 30. Qc3 Bc6 31. Nc4 Qb8 32. R4a3 h5 33. Qe3 h4 34.
Nf1 Rh7 35. Nh2 Qb7 36. Nd6 Qc7 37. Nxc8 Qxc8 38. Ra7 Qf8 39. Ng4 h3 40. Qg5
Nxg4 41. Bxg4 h2+ 42. Kh1 Qxf2 43. Bxd7 Qg1+ 44. Rxg1 1-0

[Event "1617LLO"]
[Site "Mecklenburg-Vorpommern"]
[Date "2017.03.19"]
[Round "7.4"]
[White "Worm, Alfred"]
[Black "Richter, Frank"]
[Result "1/2-1/2"]
[WhiteElo "1591"]
[BlackElo "1691"]
[PlyCount "72"]
[EventDate "2016.11.06"]
[EventType "team-tourn"]
[EventRounds "9"]
[SourceDate "2016.10.16"]
[WhiteTeam "SSC Rostock III"]
[BlackTeam "Waterkant Saal"]

1. e4 c6 2. d4 d5 3. Nc3 dxe4 4. Nxe4 Bf5 5. Ng3 Bg6 6. Nf3 Nd7 7. Bd3 Bxd3 8.
Qxd3 e6 9. O-O Ngf6 10. Re1 Be7 11. Bg5 O-O 12. Rad1 h6 13. Bd2 c5 14. Be3 Qa5
15. Qb3 Rfc8 16. Ne5 c4 17. Nxc4 Qc7 18. Na3 a6 19. c3 b5 20. Nc2 Nb6 21. Bd2
Nc4 22. Ne3 Qd7 23. Nxc4 bxc4 24. Qc2 Rab8 25. Rb1 Rb5 26. Ne4 Qd5 27. Nxf6+
Bxf6 28. Qe4 Qxe4 29. Rxe4 Rcb8 30. Bc1 Ra5 31. Ra1 Bg5 32. Bxg5 hxg5 33. Re2
Rab5 34. Rb1 Ra5 35. a3 Rxa3 36. Rc2 Rab3 1/2-1/2

[Event "1617LLO"]
[Site "Mecklenburg-Vorpommern"]
[Date "2017.03.19"]
[Round "7.5"]
[White "Nickel, Reimo"]
[Black "Raitza, Egon"]
[Result "1/2-1/2"]
[WhiteElo "1712"]
[BlackElo "1559"]
[PlyCount "86"]
[EventDate "2016.11.06"]
[EventType "team-tourn"]
[EventRounds "9"]
[SourceDate "2016.10.16"]
[WhiteTeam "Waterkant Saal"]
[BlackTeam "SSC Rostock III"]

1. d4 d5 2. c4 e6 3. Nf3 Nf6 4. Bg5 Be7 5. e3 c6 6. Bd3 Nbd7 7. O-O O-O 8. a3
Re8 9. Nbd2 Qc7 10. Bf4 Bd6 11. Bxd6 Qxd6 12. Qc2 e5 13. dxe5 Nxe5 14. cxd5
Nxd3 15. Qxd3 Qxd5 16. Qxd5 Nxd5 17. h3 Nf6 18. Nc4 Be6 19. Rac1 Red8 20. Nd4
Bd5 21. f3 c5 22. Nf5 Bxc4 23. Rxc4 g6 24. Ng3 b6 25. e4 Rd2 26. Rf2 Rad8 27.
Rc2 Rxc2 28. Rxc2 Ne8 29. Ne2 Ng7 30. Kf2 Ne6 31. g3 Kf8 32. h4 Ke7 33. Ke3 Nd4
34. Rd2 Nxe2 35. Rxd8 Kxd8 36. Kxe2 b5 37. Kd3 Kd7 38. Ke3 Kd6 39. f4 h5 40. b3
f6 41. Kd3 a6 42. Kc3 Ke6 43. Kd3 Kd6 1/2-1/2

[Event "1617LLO"]
[Site "Mecklenburg-Vorpommern"]
[Date "2017.03.19"]
[Round "7.6"]
[White "Hasenberg, Harald"]
[Black "Ehmann, Roland"]
[Result "0-1"]
[WhiteElo "1558"]
[BlackElo "1540"]
[PlyCount "82"]
[EventDate "2016.11.06"]
[EventType "team-tourn"]
[EventRounds "9"]
[SourceDate "2016.10.16"]
[WhiteTeam "SSC Rostock III"]
[BlackTeam "Waterkant Saal"]

1. d4 d5 2. c4 e6 3. g3 c6 4. Bg2 f5 5. Nf3 Nf6 6. Nbd2 Bd6 7. Ne5 Nbd7 8. Ndf3
O-O 9. O-O Ne4 10. Nxd7 Bxd7 11. c5 Bc7 12. b4 Qf6 13. e3 a5 14. Qb3 axb4 15.
Qxb4 Rfb8 16. Ne5 Bxe5 17. dxe5 Qxe5 18. Bb2 Qc7 19. f3 Nf6 20. Qh4 Qd8 21. Be5
Rc8 22. Rfb1 Ra7 23. Rb2 Rca8 24. Rab1 Bc8 25. Rb4 Qf8 26. Qg5 h6 27. Qh4 Nd7
28. Bd6 Qf6 29. Qh3 e5 30. g4 fxg4 31. fxg4 Rxa2 32. Rf1 Qg5 33. Qg3 Re2 34.
Rb3 Raa2 35. Bh3 e4 36. Rf5 Qg6 37. Rb1 Nf6 38. Rbf1 Bxf5 39. Rxf5 Ra1+ 40. Rf1
Rxf1+ 41. Kxf1 Ra2 0-1

[Event "1617LLO"]
[Site "Mecklenburg-Vorpommern"]
[Date "2017.03.19"]
[Round "7.7"]
[White "Nickel, Udo"]
[Black "Wurst, Oliver"]
[Result "0-1"]
[WhiteElo "1633"]
[BlackElo "1557"]
[PlyCount "128"]
[EventDate "2016.11.06"]
[EventType "team-tourn"]
[EventRounds "9"]
[SourceDate "2016.10.16"]
[WhiteTeam "Waterkant Saal"]
[BlackTeam "SSC Rostock III"]

1. d4 Nf6 2. Nf3 d5 3. c4 e6 4. Nc3 Nbd7 5. Bg5 c6 6. e3 Be7 7. Qc2 O-O 8. Bd3
h6 9. Bh4 dxc4 10. Bxc4 b5 11. Be2 Bb7 12. O-O a6 13. a3 c5 14. dxc5 Bxc5 15.
b4 Be7 16. Rfd1 Nd5 17. Bxe7 Qxe7 18. Nxd5 Bxd5 19. Qb2 Nf6 20. Nd2 Rfc8 21.
Bf3 Bxf3 22. Nxf3 Rc7 23. Rac1 Rac8 24. h3 Kf8 25. Ne5 Nd5 26. Rxc7 Qxc7 27.
Nd3 Qa7 28. Nc5 a5 29. e4 Nf6 30. Qd4 axb4 31. axb4 Qa8 32. Qd6+ Kg8 33. f3 Qa3
34. Qd4 Qa2 35. Ra1 Qe2 36. Ra5 Qe1+ 37. Kh2 e5 38. Qb2 Rd8 39. Ra1 Qd2 40.
Qxd2 Rxd2 41. Ra5 Nh5 42. Rxb5 Nf4 43. Nb3 Rxg2+ 44. Kh1 Rb2 45. Na5 f6 46. h4
Nd3 47. Rb8+ Kh7 48. Nc6 Ne1 49. Kg1 Nxf3+ 50. Kf1 Nd2+ 51. Ke1 Nxe4 52. b5 Nc3
53. Na7 Na4 54. Rc8 h5 55. Rc4 Nb6 56. Rc6 Nd5 57. Rc5 Nf4 58. Kd1 Ne2 59. b6
Nd4 60. Nc8 Ne6 61. Rc6 Nd8 62. Rd6 Nb7 63. Rd7 Na5 64. Kc1 Rb4 0-1

[Event "1617LLO"]
[Site "Mecklenburg-Vorpommern"]
[Date "2017.03.19"]
[Round "7.8"]
[White "Schulze, Christoph"]
[Black "Hiltner, Harald"]
[Result "1-0"]
[WhiteElo "1571"]
[BlackElo "1518"]
[PlyCount "67"]
[EventDate "2016.11.06"]
[EventType "team-tourn"]
[EventRounds "9"]
[SourceDate "2016.10.16"]
[WhiteTeam "SSC Rostock III"]
[BlackTeam "Waterkant Saal"]

1. e4 e5 2. Nf3 d6 3. d4 exd4 4. Bc4 Be6 5. Bxe6 fxe6 6. Nxd4 e5 7. Ne6 Qe7 8.
Qd5 Nc6 9. Bg5 Nf6 10. Qb3 Rb8 11. O-O Kd7 12. Nxf8+ Rhxf8 13. Nc3 Qe6 14.
Qxe6+ Kxe6 15. Bxf6 Rxf6 16. Nd5 Rf7 17. c3 Kd7 18. Rad1 Ne7 19. Ne3 Rf4 20. f3
Rbf8 21. Rd3 h5 22. b4 h4 23. Ng4 Ke6 24. b5 Nc8 25. Ne3 Ne7 26. h3 g5 27. c4
b6 28. a4 R4f7 29. a5 Ra8 30. Ra1 Rff8 31. Rda3 Nc8 32. Nd5 Rf7 33. Kf2 Ne7 34.
Nxc7+ 1-0

[Event "1617LLO"]
[Site "Mecklenburg-Vorpommern"]
[Date "2017.04.02"]
[Round "8.2"]
[White "Pawlick, Helmut"]
[Black "Schwarz, Eckhard"]
[Result "0-1"]
[WhiteElo "1830"]
[BlackElo "1854"]
[PlyCount "84"]
[EventDate "2016.11.06"]
[EventType "team-tourn"]
[EventRounds "9"]
[SourceDate "2016.10.16"]
[WhiteTeam "RUGIA Bergen"]
[BlackTeam "Waterkant Saal"]

1. e4 Nf6 2. e5 Nd5 3. d4 d6 4. Nf3 c5 5. c4 Nb4 6. a3 N4c6 7. e6 fxe6 8. Nc3
Nxd4 9. Nxd4 cxd4 10. Qxd4 e5 11. Qd5 e6 12. Qe4 Nd7 13. Be3 Be7 14. Bd3 Nf6
15. Qh4 O-O 16. O-O-O g6 17. Qh3 d5 18. Bc2 Qa5 19. Bh6 Rf7 20. Qg3 Nh5 21. Qd3
d4 22. Ne4 Nf4 23. Bxf4 Rxf4 24. g3 Rf7 25. f4 exf4 26. Qxd4 e5 27. Qd5 Qc7 28.
gxf4 exf4 29. h4 Bg4 30. Rd3 Rd8 31. Qb5 Rxd3 32. Bxd3 f3 33. Qd5 Qd8 34. Qxd8+
Bxd8 35. Nd6 Rd7 36. c5 Be7 37. Bc4+ Kf8 38. Rd1 Bxh4 39. Rd4 Bg5+ 40. Kc2 h5
41. b4 f2 42. Bf1 Re7 0-1

[Event "1617LLO"]
[Site "Mecklenburg-Vorpommern"]
[Date "2017.04.02"]
[Round "8.3"]
[White "Wiese, Frank"]
[Black "Tabbert, Dirk"]
[Result "1/2-1/2"]
[WhiteElo "1900"]
[BlackElo "1642"]
[PlyCount "81"]
[EventDate "2016.11.06"]
[EventType "team-tourn"]
[EventRounds "9"]
[SourceDate "2016.10.16"]
[WhiteTeam "Waterkant Saal"]
[BlackTeam "RUGIA Bergen"]

1. d4 f5 2. Bg5 Nf6 3. Bxf6 exf6 4. e3 Be7 5. c4 O-O 6. Bd3 d6 7. Ne2 Nc6 8. a3
Qe8 9. Nbc3 Qf7 10. Qc2 g6 11. h4 Bd7 12. h5 Kg7 13. Nf4 Rae8 14. O-O-O Rh8 15.
Rh2 a6 16. Rdh1 Bd8 17. g4 g5 18. h6+ Kf8 19. Nh5 fxg4 20. Ng7 f5 21. Nxe8 Kxe8
22. Ne2 f4 23. Re1 Kf8 24. Kb1 Ne7 25. d5 Nf5 26. Bxf5 Qxf5 27. Nd4 Qxc2+ 28.
Kxc2 Kf7 29. exf4 gxf4 30. Ne6 f3 31. Nxd8+ Rxd8 32. Rhh1 Kg6 33. Re7 c6 34.
Kd2 cxd5 35. cxd5 Bb5 36. Rg7+ Kf5 37. Rh5+ Kf4 38. Rhg5 Bd7 39. Rg8 Rxg8 40.
Rxg8 Bf5 41. Rd8 1/2-1/2

[Event "1617LLO"]
[Site "Mecklenburg-Vorpommern"]
[Date "2017.04.02"]
[Round "8.4"]
[White "Scheel, Manfred"]
[Black "Onasch, Gunnar"]
[Result "1/2-1/2"]
[WhiteElo "1676"]
[BlackElo "1804"]
[PlyCount "55"]
[EventDate "2016.11.06"]
[EventType "team-tourn"]
[EventRounds "9"]
[SourceDate "2016.10.16"]
[WhiteTeam "RUGIA Bergen"]
[BlackTeam "Waterkant Saal"]

1. e4 c5 2. Nf3 Nc6 3. d4 cxd4 4. Nxd4 e6 5. c3 a6 6. Bd3 Nge7 7. O-O d5 8. Bg5
f6 9. Be3 Ne5 10. Bc2 Nc4 11. b3 Nxe3 12. fxe3 e5 13. Nf5 Nxf5 14. exf5 Bc5 15.
Qh5+ Ke7 16. Qe2 b5 17. Nd2 Bb7 18. Rad1 Qe8 19. Kh1 Qf7 20. e4 d4 21. cxd4
Bxd4 22. Nf3 Bb6 23. Qd2 Rhd8 24. Qb4+ Ke8 25. Rxd8+ Rxd8 26. h3 Qe7 27. Qxe7+
Kxe7 28. Re1 1/2-1/2

[Event "1617LLO"]
[Site "Mecklenburg-Vorpommern"]
[Date "2017.04.02"]
[Round "8.5"]
[White "Richter, Frank"]
[Black "Behrens, Christoph"]
[Result "1-0"]
[WhiteElo "1691"]
[BlackElo "1583"]
[PlyCount "63"]
[EventDate "2016.11.06"]
[EventType "team-tourn"]
[EventRounds "9"]
[SourceDate "2016.10.16"]
[WhiteTeam "Waterkant Saal"]
[BlackTeam "RUGIA Bergen"]

1. d4 d5 2. Bf4 e6 3. e3 Bd6 4. Bg3 Qe7 5. Nf3 Nd7 6. Bxd6 Qxd6 7. Nc3 a6 8.
Bd3 Ngf6 9. O-O O-O 10. e4 dxe4 11. Nxe4 Nxe4 12. Bxe4 c6 13. c4 f5 14. Bc2 Rf6
15. Re1 c5 16. dxc5 Qxc5 17. Qd4 Qxd4 18. Nxd4 Nf8 19. Rad1 Bd7 20. b4 Re8 21.
Nf3 Re7 22. Ne5 g5 23. a4 Kg7 24. Rd6 Be8 25. c5 Ng6 26. Nf3 g4 27. Nd4 Kf7 28.
Kf1 Nf8 29. Bb3 Bd7 30. Re5 Kg6 31. b5 axb5 32. axb5 1-0

[Event "1617LLO"]
[Site "Mecklenburg-Vorpommern"]
[Date "2017.04.02"]
[Round "8.6"]
[White "Feldt, Horst"]
[Black "Nickel, Reimo"]
[Result "1/2-1/2"]
[WhiteElo "1580"]
[BlackElo "1712"]
[PlyCount "52"]
[EventDate "2016.11.06"]
[EventType "team-tourn"]
[EventRounds "9"]
[SourceDate "2016.10.16"]
[WhiteTeam "RUGIA Bergen"]
[BlackTeam "Waterkant Saal"]

1. d4 d5 2. c4 c6 3. e3 Nf6 4. Nf3 Bg4 5. Nc3 e6 6. Bd3 Nbd7 7. h3 Bh5 8. cxd5
cxd5 9. O-O Be7 10. Bd2 O-O 11. Rc1 a6 12. a3 Rc8 13. Be2 h6 14. Nh4 Bxe2 15.
Qxe2 Nb6 16. Na2 Nc4 17. Bb4 Ne4 18. Nf3 a5 19. Bxe7 Qxe7 20. Nc3 Nxc3 21. Rxc3
Nd6 22. Rfc1 f6 23. Rxc8 Rxc8 24. Rxc8+ Nxc8 25. Qb5 b6 26. Qc6 Nd6 1/2-1/2

[Event "1617LLO"]
[Site "Mecklenburg-Vorpommern"]
[Date "2017.04.02"]
[Round "8.7"]
[White "Ehmann, Roland"]
[Black "Krueger, Bodo"]
[Result "1/2-1/2"]
[WhiteElo "1540"]
[BlackElo "1524"]
[PlyCount "79"]
[EventDate "2016.11.06"]
[EventType "team-tourn"]
[EventRounds "9"]
[SourceDate "2016.10.16"]
[WhiteTeam "Waterkant Saal"]
[BlackTeam "RUGIA Bergen"]

1. d4 Nf6 2. Nf3 d5 3. g3 g6 4. Bg2 Bg7 5. O-O O-O 6. Re1 Re8 7. c3 Nbd7 8.
Nbd2 c6 9. Qb3 e5 10. dxe5 Nxe5 11. Nxe5 Rxe5 12. Nf3 Re7 13. Bg5 h6 14. Be3 b6
15. Nd4 Bb7 16. Rad1 Ne4 17. Bf4 g5 18. Bc1 Bxd4 19. cxd4 Qf8 20. f3 Nf6 21. e4
dxe4 22. fxe4 Rae8 23. e5 Nd5 24. Rf1 Qg7 25. Rf2 Kh8 26. Rdf1 Rf8 27. Bxd5
cxd5 28. Rf6 Re6 29. Qb4 Kg8 30. Qa3 a6 31. Qb3 b5 32. a4 Qh7 33. axb5 axb5 34.
Qd1 Rxf6 35. Rxf6 Rc8 36. Bd2 Qd3 37. Qh5 Qxd4+ 38. Kf1 Qd3+ 39. Kg1 Qd4+ 40.
Kf1 1/2-1/2